00266nam a2200121Ia 45000030006000000080041000060400015000471000018000622450026000802600009001065460012001150050017001270STCL150530s9999 xx 000 0 und d aSTCLcSTCL aJudith Krantz aI Will take manhattan c1986 aEnglish20220125171344.0